000 00567nam a2200205Ia 4500
005 20250508165051.0
008 008 250505s9999 xx 000 0 hin d
037 _aTextual
040 _aFEDL
_beng
_cFEDL
041 _ahin
_2hin
084 _a891.433, AWA
_qFEDL
100 _aAwasthi Devi Shankar
_9404451
245 0 _aNai kahani: Sandarbh aur prakriti
260 _aNew Delhi, India
_bRajkamal Prakashan
_c1993
300 _a248p.
365 _aINR
_b0.45
546 _aMACESE
942 _cTEXL
_h891.433, AWA
999 _c1392949
_d1392949